The role and effectiveness of safety representatives in influencing workplace health and safety (Record no. 104752)

MARC details
000 -LEADER
fixed length control field 02021cam a2200277 4500
001 - CONTROL NUMBER
control field ##L131412
008 - FIXED-LENGTH DATA ELEMENTS--GENERAL INFORMATION
fixed length control field 051031n2005 000 0 eng u
035 ## - SYSTEM CONTROL NUMBER
System control number (Sirsi) u131412
041 0# - LANGUAGE CODE
Language code of text/sound track or separate title eng
050 04 - LIBRARY OF CONGRESS CALL NUMBER
Classification number 344.0465
100 1# - MAIN ENTRY--PERSONAL NAME
Personal name Walters, David
245 04 - TITLE STATEMENT
Title The role and effectiveness of safety representatives in influencing workplace health and safety
260 ## - PUBLICATION, DISTRIBUTION, ETC.
Place of publication, distribution, etc. Sudbury
Name of publisher, distributor, etc. HSE
Date of publication, distribution, etc. 2005
350 ## - PRICE (NR) (BK AM CF MU VM SE) [OBSOLETE]
Price 30 00
490 #0 - SERIES STATEMENT
Series statement HSE Research Report
Volume/sequential designation 363
520 ## - SUMMARY, ETC.
Summary, etc. Presents a review of both the qualitative and quantitative evidence for the link between worker representation and consultation and effective health and safety management. Through a review of previous studies and of detailed case studies of the chemical and construction industries, it concludes that joint arrangements, through which workers are represented and consulted on health and safety, are likely to have better outcomes than where managements act without consultation. Arrangements for worker consultation are dependent upon a number of preconditions for their effectiveness, however, and these preconditions were not present in the majority of case studies. Changes in the structure and organisation of work mean that achieving them presents considerable challenges, although the study found a number of examples of ways in which these challenges had been tackled successfully. It suggests theseexamples send important messages to regulators, trade unions and employers if worker representation and consultation is to be supported in realising its potential.
650 24 - SUBJECT ADDED ENTRY--TOPICAL TERM
Topical term or geographic name entry element SAFETY REPRESENTATIVES AND SAFETY COMMITTEES REGULATIONS 1977
650 24 - SUBJECT ADDED ENTRY--TOPICAL TERM
Topical term or geographic name entry element HEALTH AND SAFETY (CONSULTATION WITH EMPLOYEES) REGULATIONS 1996
690 ## - LOCAL SUBJECT ADDED ENTRY--TOPICAL TERM (OCLC, RLIN)
Topical term or geographic name as entry element MANAGEMENT-HEALTH AND SAFETY-PERSONAL HEALTH AND SAFETY
700 1# - ADDED ENTRY--PERSONAL NAME
Personal name Nichols, Theo
700 1# - ADDED ENTRY--PERSONAL NAME
Personal name Connor, Judith
700 1# - ADDED ENTRY--PERSONAL NAME
Personal name Tasiran, Ali C.
700 1# - ADDED ENTRY--PERSONAL NAME
Personal name Cam, Surhan
856 40 - ELECTRONIC LOCATION AND ACCESS
Uniform Resource Identifier <a href="https://www.hse.gov.uk/research/rrhtm/rr363.htm">https://www.hse.gov.uk/research/rrhtm/rr363.htm</a>
Public note View the item free of charge at www.hse.gov.uk...
942 ## - ADDED ENTRY ELEMENTS (KOHA)
Suppress in OPAC 0
Holdings
Withdrawn status Lost status Source of classification or shelving scheme Damaged status Not for loan Home library Current library Shelving location Date acquired Total Checkouts Full call number Barcode Date last seen Copy number Price effective from Koha item type
    Dewey Decimal Classification     Virtual Virtual Online 31/10/2005   ONLINE PUBLICATION 131412-1001 06/08/2019 1 06/08/2019 Book